| 000 | 01081nam a22002417a 4500 | ||
|---|---|---|---|
| 005 | 20110209120154.0 | ||
| 008 | 110209t xxu||||| |||| 00| 0 mar d | ||
| 010 | _aMAR-20570 | ||
| 020 |
_c250.00 _a9788174981219 |
||
| 035 | _aMR-13228 | ||
| 037 | _bDBAD / PUB | ||
| 040 |
_aDPL _bMR |
||
| 082 | _a891.46301 | ||
| 100 |
_925775 _aवैद्य,मा गो |
||
| 245 |
_aचांदणे प्रतिभेचे / _cमा गो वैद्य |
||
| 246 |
_aChandane Pratibheche _bby Ma Go Vaid |
||
| 260 |
_aनागपूर _bविजय प्रकाशन _c2010 |
||
| 270 |
_aहनुमान गल्ली,सीताबर्डी _bनागपूर _e440012 _k0712-2530539 |
||
| 300 |
_a242पृ _b21सेमी(अजिल्द) |
||
| 700 | _925816 | ||
| 942 |
_2ddc _cMR _mवैद्यमा _h891.46301 |
||
| 999 |
_c50457 _d50457 |
||